MARC details
| 000 -CABECERA |
| campo de control de longitud fija |
00841nam a2200217 a 4500 |
| 001 - NÚMERO DE CONTROL |
| campo de control |
000036844 |
| 005 - FECHA Y HORA DE LA ÚLTIMA TRANSACCIÓN |
| campo de control |
20241030141145.0 |
| 008 - DATOS DE LONGITUD FIJA--INFORMACIÓN GENERAL |
| campo de control de longitud fija |
120202s2011 dr ac r 000 0 spa d |
| 020 ## - NÚMERO INTERNACIONAL ESTÁNDAR DEL LIBRO |
| Número Internacional Estándar del Libro |
9789945443622 |
| 040 ## - FUENTE DE LA CATALOGACIÓN |
| Centro catalogador/agencia de origen |
DO-SdBNP |
| Lengua de catalogación |
spa |
| Centro/agencia transcriptor |
BNPHU |
| 082 ## - NÚMERO DE LA CLASIFICACIÓN DECIMAL DEWEY |
| Número de clasificación |
xxxx |
| Número de documento/Ítem |
P439g |
| 100 1# - ENTRADA PRINCIPAL--NOMBRE DE PERSONA |
| Nombre de persona |
Pérez Brown, Marcelle O., |
| Fechas asociadas al nombre |
1939- |
| 9 (RLIN) |
34489 |
| 245 10 - MENCIÓN DE TÍTULO |
| Título |
Gascue : |
| Resto del título |
jardín urbano / |
| Mención de responsabilidad, etc. |
Marcelle O. Pérez Brown ; prólogo María Ugarte. |
| 250 ## - MENCIÓN DE EDICIÓN |
| Mención de edición |
2a ed. |
| 260 ## - PUBLICACIÓN, DISTRIBUCIÓN, ETC. |
| Lugar de publicación, distribución, etc. |
Santo Domingo : |
| Nombre del editor, distribuidor, etc. |
Banco Central, |
| Fecha de publicación, distribución, etc. |
2011. |
| 490 1# - MENCIÓN DE SERIE |
| Mención de serie |
Banco Central de la República Dominicana |
| Designación de volumen o secuencia |
169 |
| Mención de serie |
Ciencias sociales |
| Designación de volumen o secuencia |
36 |
| 500 ## - NOTA GENERAL |
| Nota general |
Textos a dos columnas |
| 500 ## - NOTA GENERAL |
| Nota general |
Incluye referencias bibliográficas y notas al pie de las páginas |
| 700 1# - PUNTO DE ACCESO ADICIONAL--NOMBRE DE PERSONA |
| Nombre de persona |
Ugarte, María |
| Fechas asociadas al nombre |
1914-2011 |
| Término indicativo de función/relación |
pról. |
| 9 (RLIN) |
24078 |
| 830 #0 - PUNTO DE ACCESO ADICIONAL DE SERIE-TÍTULO UNIFORME |
| Título uniforme |
Banco Central de la República Dominicana |
| Número de parte o sección de la obra |
169 |
| Nombre de parte o sección de la obra |
Ciencias sociales |
| Número de parte o sección de la obra |
36 |
| 9 (RLIN) |
63192 |